| 000 | 01616cam a22004454i 4500 | ||
|---|---|---|---|
| 003 | PE-LiUPU | ||
| 005 | 20250731173447.0 | ||
| 008 | 150616s r 000 0 d | ||
| 035 | _a(Sirsi) a6033 | ||
| 040 |
_aPE-LiUPU _bspa _cPE-LiUPU _erda |
||
| 049 | _aPRUA | ||
| 082 | 0 | 4 |
_a291.042 _bR54 _221 |
| 100 | 1 |
_aRichepin, Jean, _eautor. |
|
| 245 | 1 | 0 | _aNouvelle Mythologie Illustrée. |
| 264 | 1 |
_aParis : _bLibraire de France, _c1931. |
|
| 300 |
_a391 páginas : _bIlustraciones (fotos) ; _c33 cm. |
||
| 336 |
_atext _2rdacontent |
||
| 337 |
_aunmediated _2rdamedia |
||
| 338 |
_avolume _2rdacarrier |
||
| 505 | 0 | _aLes dynasties successives des dieux grecs -- Zeus -- Hera -- Athéna -- Apollon -- Artémis -- Hermés -- Arés -- Aphrodite -- Les divinités du feu -- Divinités de la mer et des eaux -- Hadés et les divinités souterraines -- Dionysos. | |
| 526 | _aSEG42 | ||
| 526 | _aSEG41 | ||
| 526 | _aSEG40 | ||
| 526 | _aSEG39 | ||
| 526 | _aP94 | ||
| 526 | _aP87 | ||
| 526 | _aP86 | ||
| 526 | _aP85 | ||
| 526 | _aP77 | ||
| 526 | _aP76 | ||
| 526 | _aP35 | ||
| 650 | 0 | 4 | _aRELIGIONES PRIMITIVAS. |
| 910 |
_ajck _bjvq _cjck |
||
| 942 |
_2ddc _cBOOK |
||
| 949 |
_a291.042 R54 _wDEWEY _c1 _i31654 _lCCODEBUL1 _mBUL _p00.00 _r0 _sY _tBOOK _u19950929 _xTEOLOGIA _zUNKNOWN _0COMPRA _o.STAFF. Colección General |
||
| 994 |
_aC0 _bPEPRU |
||
| 596 | _a1 | ||
| 999 |
_a291.042 R54 _wDEWEY _c57124 _i31654 _f2021-11-12 _g5 _lCCODEBUL1 _mBUL _r0 _sY _tBOOK _u2015-6-16 _xTEOLOGIA _zUNKNOWN _0COMPRA _o.STAFF. Colección General _d57124 |
||
| 980 |
_81 _gALBERTO SANCHEZ Responsable de Automatización |
||